Foxfire /

Gespeichert in:
Bibliographische Detailangaben
1. Verfasser: Oates, Joyce Carol (Verfasst von)
Weitere Verfasser: Marenco, Maria Teresa
Format: Buch
Sprache:Italienisch
Veröffentlicht: Milano : Anabasi, 1995
Schriftenreihe:Aracne ; 31
Tags: Tag hinzufügen
Keine Tags, Fügen Sie das erste Tag hinzu!

MARC

LEADER 00000nam a22000007i 4500
001 IT\ICCU\BIA\0008745
003 ItRI
005 20260115231909.0
008 950714s1995 it |||||| ||||| |||||c
020 |a 8841710357 
040 |b ita  |c importazione bologna sebina 
041 7 |a ita  |2 ISO-639-2 
082 |a 813.54  |9 NARRATIVA AMERICANA IN LINGUA INGLESE. 1945-  |2 19 
100 1 |a Oates, Joyce Carol  |0 IT\ICCU\CFIV\090378  |4 aut 
245 1 0 |a Foxfire /  |c Joyce Carol Oates ; traduzione dall'inglese di Maria Teresa Marenco. 
260 |a Milano :  |b Anabasi,  |c 1995 
300 |a 326 p. ;  |c 22 cm. 
700 1 |a Marenco, Maria Teresa  |0 IT\ICCU\CFIV\008186 
790 0 |a Fernandes  |3 IT\ICCU\SBNV\030271  |z Oates, Joyce Carol 
790 1 |a Kelly, Lauren,  |d  (1938- )  |3 IT\ICCU\CFIV\222996  |z Oates, Joyce Carol 
790 1 |a Oates, J. C.  |3 IT\ICCU\SBNV\030272  |z Oates, Joyce Carol 
790 1 |a Smith, Rosamond  |3 IT\ICCU\CFIV\222995  |z Oates, Joyce Carol 
830 0 |a Aracne ;  |v 31  |0 IT\ICCU\TSA\1245420 
942 |2 ddc  |c BK  |n 0 
952 |0 0  |1 0  |4 0  |6 L_813_540000000000000_OAT  |7 0  |9 15712  |a BO  |b BO  |d 2026-01-15  |i 3400  |l 0  |o L 813.54 OAT  |p BO3400  |r 2026-01-15 23:19:09  |w 2026-01-15  |x [Sebina 5] [1 v.]  |y BK  |z 1 v. 
999 |c 13517  |d 13517